| 000 | 00344nam a2200145Ia 4500 | ||
|---|---|---|---|
| 008 | 230524s9999 xx 000 0 und d | ||
| 082 |
_a415 _bRAY |
||
| 100 |
_aReuben Ray _93205 |
||
| 245 | 0 | _aCommunication Today | |
| 260 |
_aNEW DELHI _bHimalaya _c2004 |
||
| 300 | _aXI;467 | ||
| 500 | _aQuantity Number: 1 | ||
| 650 | _aEnglish | ||
| 942 | _cBK | ||
| 999 |
_c5277 _d5277 |
||